| 000 | 01279nmc a2200421 a 4500 | ||
|---|---|---|---|
| 003 | AR-BaBNM | ||
| 005 | 20251128204153.0 | ||
| 008 | 011101s1992 ||||||||||||||000 | spa|| | ||
| 020 | _a950-9467-28-6 | ||
| 040 | _cAR-BaBNM | ||
| 245 | 1 | 0 |
_aMaestros _bformación, práctica y transformación escolar |
| 260 |
_aBuenos Aires _bMiño y Dávila _c1992 |
||
| 300 | 0 |
_a327 p. _bgráfs. |
|
| 490 | 0 | _aEducación, crítica & debate | |
| 504 | _aContiene bibliografía y tablas estadísticas | ||
| 650 | 4 | _aENSENANZA PROFESIONAL | |
| 650 | 4 | _aROL DEL DOCENTE | |
| 650 | 4 | _aFORMACION DE DOCENTES | |
| 650 | 4 | _aREFORMA DE LA EDUCACION | |
| 650 | 4 | _aRELACION ESCUELA-COMUNIDAD | |
| 650 | 4 | _aPROYECTOS EDUCACIONALES | |
| 650 | 4 | _aESCUELAS NORMALES SUPERIORES | |
| 650 | 4 | _aFORMADORES DE DOCENTES | |
| 700 | 1 |
_aAlliaud, Andrea _ecompilador |
|
| 700 | 1 |
_aDuschatzky, Laura _ecompilador |
|
| 700 | 1 | _aLerena, Carlos | |
| 700 | 1 | _aTenti Fanfani, Emilio | |
| 700 | 1 | _aGimeno Sacristán, José | |
| 700 | 1 | _aCarrizales Retamosa, César | |
| 700 | 1 | _aAronowitz, Stanley | |
| 700 | 1 | _aLind, Kathryn | |
| 700 | 1 | _aGarcía, Fernando | |
| 700 | 1 | _aOrtega, Félix | |
| 700 | 1 | _aListon, Daniel | |
| 800 | 1 |
_aGentili, Pablo _edirector |
|
| 942 | _cBK | ||
| 998 | _cGrace | ||
| 999 |
_c6467 _d6467 |
||